| 000 | 00839nam a2200217 a 4500 | ||
|---|---|---|---|
| 003 | AM-YeHGA | ||
| 005 | 20250617155251.0 | ||
| 008 | 190403s1900 ru ||||r|||||000|0|rrus|d | ||
| 040 | _aAM-YeHGA | ||
| 041 | 1 |
_arus _hfre |
|
| 100 | 1 |
_aФулье, Альфред, _d1838-1912 |
|
| 245 | 1 | 0 |
_aСвобода и необходимость / _c[Соч.] Альфреда Фулье; Пер. с 4-го изд. П. Николаева. |
| 260 |
_aМосква : _bИзд. К.Т. Солдатенкова, _c1900. |
||
| 300 |
_aXIV, 426 с. ; _c22 см. |
||
| 650 | 1 | 4 |
_aФилософия _xИстория философии |
| 650 | 1 | 4 |
_aФилософия Франции _y19-20 вв. |
| 650 | 1 | 4 |
_aФилософские науки _xЭтика |
| 700 | 1 |
_aНиколаев, П. _eпер. _4trl |
|
| 942 |
_2udc _cBK |
||
| 090 | _c432160 | ||
| 999 |
_c429614 _d429614 |
||